00555nam a2200157Ia 4500008004100000041001200041082001600053100001600069245005700085260003700142300000900179650002100188942000700209999001500216952016600231221030s9999 xx 000 0 und d aEnglish a105.23bSin aB. P. Singh 0aDigital Electronics ( DEPARTMENTAL )cby B. P. Singh bDhanpat Rai PubaNew Delhic2002 a1369 aECE Departmental cBK c1468d1468 pBE 5347g85.00l0o105.23 Sinr2022-10-30 00:00:00w2022-10-30yBK003Print4070aMIETLIBbMIETLIBcBL-Departmental, FL-1, CUP-93, SH-6, R-6d2002-06-0710HBE